Statistics for Departments of Honduras

Click here to take the quiz!

General Stats

  • This quiz has been taken 397 times
  • The average score is 13 of 18

Answer Stats

PopulationDepartment% Correct
88,314Gracias a Dios
82%
407,551Atlántida
80%
1,570,291Cortés
78%
362,226Copán
77%
1,433,810Francisco Morazán
77%
315,565Lempira
75%
509,564Olancho
75%
552,100Yoro
75%
171,613Valle
73%
402,367Santa Bárbara
72%
293,540Colón
71%
49,158Islas de la Bahía
70%
459,124Choluteca
69%
132,453Ocotepeque
68%
196,322La Paz
63%
442,251Comayagua
61%
427,232El Paraíso
61%
232,509Intibucá
60%

Score Distribution

Percentile by Number Answered

Percent of People with Each Score

Your Score History

You have not taken this quiz